Shared State–Element Abbreviations - Statistics

General Stats
  • This quiz has been taken 25 times
  • The average score is 21 of 34
Answer Stats
Abbreviation Answer % Correct
Al Alabama
91%
Al Aluminum
91%
Ca California
91%
Ar Argon
87%
Ar Arkansas
87%
Co Colorado
87%
Fl Florida
83%
Ga Georgia
83%
In Indiana
83%
Nh New Hampshire
83%
Mn Minnesota
78%
Ca Calcium
74%
Co Cobalt
74%
La Louisiana
74%
Md Maryland
74%
Mo Missouri
74%
Mt Montana
74%
Nd North Dakota
74%
Pa Pennsylvania
74%
Ne Nebraska
70%
Sc South Carolina
70%
Ne Neon
65%
Ga Gallium
61%
In Indium
57%
Mn Manganese
52%
Sc Scandium
48%
Mo Molybdenum
30%
Nd Neodymium
30%
Nh Nihonium
26%
La Lanthanum
22%
Mt Meitnerium
22%
Md Mendelevium
22%
Fl Flerovium
17%
Pa Protactinium
4%
No matching quizzes found
Score Distribution
Percent of People with Each Score
Percentile by Number Answered
Your Score History
You have not taken this quiz